Handbook of plant disease identification and management / (Record no. 20753)
[ view plain ]
| 000 -LEADER | |
|---|---|
| fixed length control field | 00430cam a2200157 i 4500 |
| 020 ## - INTERNATIONAL STANDARD BOOK NUMBER | |
| ISBN | 9780429504907 |
| 020 ## - INTERNATIONAL STANDARD BOOK NUMBER | |
| ISBN | 9780429998294 |
| 040 ## - CATALOGING SOURCE | |
| Transcribing agency | DLC |
| 082 00 - DEWEY DECIMAL CLASSIFICATION NUMBER | |
| Classification number | 632 BAL 2019 A118 Or. |
| 100 1# - MAIN ENTRY--AUTHOR NAME | |
| Personal name | Aglave, Balaji, |
| 245 10 - TITLE STATEMENT | |
| Title | Handbook of plant disease identification and management / |
| 300 ## - PHYSICAL DESCRIPTION | |
| Number of Pages | 1 online resource : |
| Other physical details | illustrations |
| 650 #0 - SUBJECT ADDED ENTRY--TOPICAL TERM | |
| Topical Term | Plant diseases |
| 650 #0 - SUBJECT ADDED ENTRY--TOPICAL TERM | |
| Topical Term | Phytopathogenic microorganisms |
| 942 ## - ADDED ENTRY ELEMENTS (KOHA) | |
| Koha item type | ADB |
| 952 ## - LOCATION AND ITEM INFORMATION (KOHA) | |
| Withdrawn status [LOCAL, KOHA] | 0 |
| Permanent Location | Date acquired | Koha item type | Lost status | Shelving location | Barcode | Current Location | Full call number |
|---|---|---|---|---|---|---|---|
| Library Block A | 2022-11-24 | ADB | A118 | a069935 | Library Block A | 632 BAL 2019 A118 Or. |